[Event "WCO 2016"]
[Site "?"]
[Date "2016.09.11"]
[Round "9"]
[Board "9"]
[WhiteID "3301478"]
[White "Gemy Jose Daniel"]
[BlackID "8200084"]
[Black "Matoewi Roger"]
[Result "1-0"]
[BlackElo "2042"]
[WhiteElo "2384"]
[LiveChessVersion "1.4.8"]

1. d4 {[%clk 1:30:57]} f5 {[%clk 1:30:25]} 2. c4 {[%clk 1:27:03]} Nf6
{[%clk 1:30:37]} 3. Nc3 {[%clk 1:27:30]} e6 {[%clk 1:30:47]} 4. g3
{[%clk 1:27:57]} Be7 {[%clk 1:31:08]} 5. Bg2 {[%clk 1:28:25]} O-O
{[%clk 1:29:14]} 6. Nh3 {[%clk 1:28:53]} d5 {[%clk 1:27:57]} 7. O-O
{[%clk 1:28:59]} c6 {[%clk 1:28:19]} 8. Nf4 {[%clk 1:29:03]} Bd6 {[%clk 1:10:03]}
9. Qc2 {[%clk 1:26:00]} Na6 {[%clk 1:07:33]} 10. a3 {[%clk 1:26:26]} Nc7
{[%clk 1:07:41]} 11. c5 {[%clk 1:26:43]} Be7 {[%clk 1:07:20]} 12. b4
{[%clk 1:27:09]} Bd7 {[%clk 1:04:53]} 13. a4 {[%clk 1:27:02]} a6 {[%clk 1:02:01]}
14. Rb1 {[%clk 1:21:09]} Ne4 {[%clk 0:59:30]} 15. f3 {[%clk 1:15:59]} Nxc3
{[%clk 0:59:36]} 16. Qxc3 {[%clk 1:16:27]} Qe8 {[%clk 0:54:03]} 17. Nd3
{[%clk 1:16:16]} g5 {[%clk 0:44:38]} 18. Ne5 {[%clk 1:12:55]} Rd8
{[%clk 0:44:09]} 19. Bd2 {[%clk 1:11:33]} Bf6 {[%clk 0:42:58]} 20. e3
{[%clk 1:05:22]} Qe7 {[%clk 0:37:46]} 21. Rf2 {[%clk 1:03:06]} Be8
{[%clk 0:36:47]} 22. Bf1 {[%clk 1:01:17]} Qg7 {[%clk 0:28:44]} 23. f4
{[%clk 0:54:52]} Bxe5 {[%clk 0:18:43]} 24. dxe5 {[%clk 0:52:58]} gxf4
{[%clk 0:12:21]} 25. exf4 {[%clk 0:52:16]} Qe7 {[%clk 0:10:48]} 26. Qd4
{[%clk 0:52:28]} Rc8 {[%clk 0:09:59]} 27. Be2 {[%clk 0:50:06]} Rf7
{[%clk 0:09:40]} 28. h3 {[%clk 0:28:53]} Rg7 {[%clk 0:09:16]} 29. g4
{[%clk 0:26:34]} fxg4 {[%clk 0:09:13]} 30. hxg4 {[%clk 0:27:00]} Bg6
{[%clk 0:09:06]} 31. Rb3 {[%clk 0:27:19]} Be4 {[%clk 0:08:59]} 32. Rh2
{[%clk 0:27:18]} Kf7 {[%clk 0:05:58]} 33. Rh6 {[%clk 0:26:53]} Rcg8
{[%clk 0:05:55]} 34. Kf2 {[%clk 0:25:33]} Ke8 {[%clk 0:04:28]} 35. g5
{[%clk 0:25:01]} Kd8 {[%clk 0:04:17]} 36. b5 {[%clk 0:23:48]} axb5
{[%clk 0:03:33]} 37. axb5 {[%clk 0:23:23]} cxb5 {[%clk 0:02:29]} 38. Bxb5
{[%clk 0:22:59]} Qf7 {[%clk 0:01:05]} 39. Ke1 {[%clk 0:20:52]} Qf5
{[%clk 0:00:38]} 40. Be2 {[%clk 0:50:44]} Qf7 {[%clk 0:30:35]} 41. Rxb7
{[%clk 0:50:54]} Bg6 {[%clk 0:28:10]} 42. Ba5 {[%clk 0:46:28]} Qf5
{[%clk 0:26:48]} 43. c6 {[%clk 0:41:30]} 1-0

[Event "WCO 2016"]
[Site "?"]
[Date "2016.09.11"]
[Round "9"]
[Board "10"]
[WhiteID "8200165"]
[White "Giasi Viresh"]
[BlackID "3303187"]
[Black "Aguilar Luis Miguel"]
[Result "0-1"]
[BlackElo "2301"]
[WhiteElo "1979"]
[LiveChessVersion "1.4.8"]

1. Nf3 {[%clk 1:30:58]} g6 {[%clk 1:30:55]} 2. d4 {[%clk 1:29:44]} Bg7
{[%clk 1:30:39]} 3. c4 {[%clk 1:30:00]} c5 {[%clk 1:31:02]} 4. Nc3
{[%clk 1:29:06]} cxd4 {[%clk 1:30:55]} 5. Nxd4 {[%clk 1:29:33]} Nc6
{[%clk 1:31:20]} 6. e3 {[%clk 1:28:57]} Nf6 {[%clk 1:31:06]} 7. Be2
{[%clk 1:28:48]} O-O {[%clk 1:28:42]} 8. O-O {[%clk 1:28:16]} d6 {[%clk 1:21:32]}
9. Nxc6 {[%clk 1:26:17]} bxc6 {[%clk 1:21:58]} 10. Bf3 {[%clk 1:26:19]} Qc7
{[%clk 1:13:04]} 11. Rb1 {[%clk 1:20:45]} Nd7 {[%clk 1:08:48]} 12. Bd2
{[%clk 1:14:14]} Rb8 {[%clk 1:06:52]} 13. e4 {[%clk 1:01:08]} Ba6
{[%clk 1:00:25]} 14. b3 {[%clk 0:59:12]} Nc5 {[%clk 0:56:10]} 15. Qc2
{[%clk 0:58:41]} e5 {[%clk 0:55:49]} 16. Rfc1 {[%clk 0:56:57]} Ne6
{[%clk 0:55:42]} 17. Ne2 {[%clk 0:48:54]} f5 {[%clk 0:53:36]} 18. b4
{[%clk 0:45:36]} f4 {[%clk 0:46:38]} 19. a4 {[%clk 0:45:30]} Ng5 {[%clk 0:46:14]}
20. Qb3 {[%clk 0:45:34]} Bc8 {[%clk 0:42:11]} 21. b5 {[%clk 0:30:47]} Be6
{[%clk 0:41:35]} 22. Qd3 {[%clk 0:29:24]} Qf7 {[%clk 0:39:47]} 23. Ba5
{[%clk 0:23:40]} Nxf3+ {[%clk 0:29:33]} 24. gxf3 {[%clk 0:19:19]} d5
{[%clk 0:24:20]} 25. cxd5 {[%clk 0:19:19]} cxd5 {[%clk 0:24:45]} 26. Rc7
{[%clk 0:18:40]} Qf6 {[%clk 0:24:21]} 27. Kf1 {[%clk 0:14:10]} dxe4
{[%clk 0:15:30]} 28. Qxe4 {[%clk 0:06:55]} Bf5 {[%clk 0:09:41]} 29. Qc4+
{[%clk 0:07:16]} Kh8 {[%clk 0:10:03]} 30. Rc1 {[%clk 0:06:44]} Qh4
{[%clk 0:05:07]} 31. Nc3 {[%clk 0:06:12]} Rbd8 {[%clk 0:04:16]} 32. Ne4
{[%clk 0:03:59]} Rd4 {[%clk 0:04:10]} 33. Qc5 {[%clk 0:04:14]} Qh3+
{[%clk 0:01:02]} 34. Ke1 {[%clk 0:03:34]} Qxf3 {[%clk 0:01:14]} 35. Ng5
{[%clk 0:03:26]} Qh1+ {[%clk 0:01:18]} 36. Ke2 {[%clk 0:03:39]} f3+
{[%clk 0:00:46]} 37. Ke3 {[%clk 0:03:48]} Rd3# {[%clk 0:01:09]} 0-1

[Event "WCO 2016"]
[Site "?"]
[Date "2016.09.11"]
[Round "9"]
[Board "11"]
[WhiteID "3301915"]
[White "Delgadillo Adonay"]
[BlackID "8200041"]
[Black "Gajadin Dewperkash"]
[Result "1-0"]
[BlackElo "2027"]
[WhiteElo "2232"]
[LiveChessVersion "1.4.8"]

1. e4 {[%clk 1:30:57]} e5 {[%clk 1:30:57]} 2. Nf3 {[%clk 1:31:23]} Nc6
{[%clk 1:31:20]} 3. Bb5 {[%clk 1:31:47]} a6 {[%clk 1:31:45]} 4. Ba4
{[%clk 1:32:14]} Nf6 {[%clk 1:32:05]} 5. O-O {[%clk 1:32:38]} Be7
{[%clk 1:32:05]} 6. Re1 {[%clk 1:33:01]} b5 {[%clk 1:32:25]} 7. Bb3
{[%clk 1:33:27]} O-O {[%clk 1:32:01]} 8. h3 {[%clk 1:33:51]} d6 {[%clk 1:18:33]}
9. c3 {[%clk 1:33:50]} Na5 {[%clk 1:18:33]} 10. Bc2 {[%clk 1:34:15]} c5
{[%clk 1:18:56]} 11. d4 {[%clk 1:34:37]} Qc7 {[%clk 1:18:55]} 12. Nbd2
{[%clk 1:33:17]} cxd4 {[%clk 1:13:37]} 13. cxd4 {[%clk 1:33:38]} Nc6
{[%clk 1:12:25]} 14. Nb3 {[%clk 1:33:54]} a5 {[%clk 1:08:35]} 15. Be3
{[%clk 1:33:41]} Nb4 {[%clk 1:01:27]} 16. Bb1 {[%clk 1:32:07]} Bd7
{[%clk 0:42:31]} 17. a3 {[%clk 1:22:00]} Na6 {[%clk 0:41:16]} 18. Bd3
{[%clk 1:22:11]} a4 {[%clk 0:37:28]} 19. Rc1 {[%clk 1:21:15]} Qb8
{[%clk 0:37:24]} 20. Nbd2 {[%clk 1:19:26]} Rd8 {[%clk 0:29:06]} 21. Qe2
{[%clk 1:16:03]} exd4 {[%clk 0:16:59]} 22. Bxd4 {[%clk 1:15:50]} Nc7
{[%clk 0:15:18]} 23. e5 {[%clk 1:04:06]} Nfe8 {[%clk 0:15:22]} 24. exd6
{[%clk 0:54:54]} Bxd6 {[%clk 0:15:27]} 25. Ng5 {[%clk 0:27:09]} Ne6
{[%clk 0:07:10]} 26. Bxh7+ {[%clk 0:24:33]} Kf8 {[%clk 0:06:19]} 27. Qh5
{[%clk 0:24:20]} Nxg5 {[%clk 0:04:54]} 28. Qxg5 {[%clk 0:24:03]} Be6
{[%clk 0:02:51]} 29. Rxe6 {[%clk 0:10:32]} Bh2+ {[%clk 0:01:21]} 30. Kh1
{[%clk 0:11:01]} Rxd4 {[%clk 0:01:17]} 31. Qe7# 1-0

[Event "WCO 2016"]
[Site "?"]
[Date "2016.09.11"]
[Round "9"]
[Board "12"]
[WhiteID "8200173"]
[White "Hanoeman Suradj"]
[BlackID "3300617"]
[Black "Parraga Alejandro"]
[Result "1/2-1/2"]
[BlackElo "2173"]
[WhiteElo "2012"]
[LiveChessVersion "1.4.8"]

1. d4 {[%clk 1:29:39]} d5 {[%clk 1:30:46]} 2. c4 {[%clk 1:30:02]} c6
{[%clk 1:31:04]} 3. Nc3 {[%clk 1:29:16]} Nf6 {[%clk 1:31:17]} 4. Nf3
{[%clk 1:28:43]} dxc4 {[%clk 1:31:00]} 5. a4 {[%clk 1:29:03]} Bf5
{[%clk 1:29:41]} 6. Ne5 {[%clk 1:29:26]} Nbd7 {[%clk 1:25:54]} 7. Nxc4
{[%clk 1:29:48]} Nb6 {[%clk 1:25:46]} 8. Ne5 {[%clk 1:30:16]} a5 {[%clk 1:25:44]}
9. f3 {[%clk 1:30:41]} h6 {[%clk 1:23:07]} 10. e4 {[%clk 1:30:25]} Bh7
{[%clk 1:23:30]} 11. Be3 {[%clk 1:30:27]} e6 {[%clk 1:23:46]} 12. Be2
{[%clk 1:29:28]} Bb4 {[%clk 1:23:36]} 13. O-O {[%clk 1:29:06]} O-O
{[%clk 1:23:44]} 14. Rc1 {[%clk 1:29:03]} Nbd7 {[%clk 1:21:14]} 15. Nd3
{[%clk 1:29:21]} Re8 {[%clk 1:13:13]} 16. Qb3 {[%clk 1:28:47]} Bxc3
{[%clk 1:01:47]} 17. Rxc3 {[%clk 1:28:09]} Qb8 {[%clk 0:58:44]} 18. Rd1
{[%clk 1:25:19]} Rc8 {[%clk 0:51:20]} 19. Nc5 {[%clk 1:23:54]} b6
{[%clk 0:46:07]} 20. Nxd7 {[%clk 1:23:17]} Nxd7 {[%clk 0:46:33]} 21. Rdc1
{[%clk 1:22:16]} Qd6 {[%clk 0:37:09]} 22. Qa3 {[%clk 1:15:05]} c5
{[%clk 0:31:47]} 23. dxc5 {[%clk 1:12:18]} Nxc5 {[%clk 0:27:07]} 24. Bxc5
{[%clk 1:08:34]} Rxc5 {[%clk 0:23:59]} 25. Rxc5 {[%clk 1:07:43]} Qd4+
{[%clk 0:21:48]} 26. Kf1 {[%clk 1:08:08]} bxc5 {[%clk 0:20:54]} 27. Qxc5
{[%clk 1:04:21]} Qxa4 {[%clk 0:18:47]} 28. Bb5 {[%clk 1:04:41]} Qb4
{[%clk 0:19:06]} 29. Qxb4 {[%clk 1:05:05]} axb4 {[%clk 0:19:31]} 30. Rc4
{[%clk 1:05:32]} f5 {[%clk 0:16:13]} 31. Bd7 {[%clk 1:03:08]} Kf7
{[%clk 0:14:32]} 32. Rxb4 {[%clk 1:03:23]} fxe4 {[%clk 0:13:50]} 33. fxe4
{[%clk 1:03:43]} Ra1+ {[%clk 0:13:55]} 34. Kf2 {[%clk 1:02:38]} Kf6
{[%clk 0:13:51]} 35. Rb6 {[%clk 1:01:14]} Bg8 {[%clk 0:13:51]} 36. b4
{[%clk 1:00:20]} Ke5 {[%clk 0:13:13]} 37. Bc6 {[%clk 1:00:40]} Bh7
{[%clk 0:11:54]} 38. Bd7 {[%clk 0:56:12]} Ra2+ {[%clk 0:07:55]} 39. Ke3
{[%clk 0:51:52]} Ra3+ {[%clk 0:08:04]} 40. Kf2 {[%clk 1:21:15]} Ra2+
{[%clk 0:37:05]} 41. Ke3 {[%clk 1:21:43]} Ra3+ {[%clk 0:36:32]} 42. Kf2
{[%clk 1:22:02]} Ra2+ {[%clk 0:36:26]} 1/2-1/2

[Event "WCO 2016"]
[Site "?"]
[Date "2016.09.11"]
[Round "9"]
[Board "9"]
[WhiteID "7100019"]
[White "Adianto Utut"]
[BlackID "5700329"]
[Black "Mok Tze-Meng"]
[Result "1-0"]
[BlackElo "2373"]
[WhiteElo "2556"]
[LiveChessVersion "1.4.8"]

1. d4 {[%clk 1:30:40]} g6 {[%clk 1:30:55]} 2. Nf3 {[%clk 1:30:50]} Bg7
{[%clk 1:31:21]} 3. e4 {[%clk 1:28:45]} c6 {[%clk 1:31:45]} 4. c4
{[%clk 1:28:09]} d5 {[%clk 1:32:08]} 5. e5 {[%clk 1:26:37]} Bg4 {[%clk 1:30:44]}
6. Nbd2 {[%clk 1:24:09]} e6 {[%clk 1:29:01]} 7. h3 {[%clk 1:23:54]} Bxf3
{[%clk 1:29:23]} 8. Nxf3 {[%clk 1:24:10]} Ne7 {[%clk 1:24:45]} 9. Bd3
{[%clk 1:18:27]} dxc4 {[%clk 1:23:20]} 10. Bxc4 {[%clk 1:18:50]} Nd7
{[%clk 1:23:38]} 11. O-O {[%clk 1:18:31]} Nb6 {[%clk 1:22:30]} 12. Bb3
{[%clk 1:16:34]} Qd7 {[%clk 1:15:48]} 13. Qe2 {[%clk 1:16:50]} a5
{[%clk 1:15:26]} 14. a4 {[%clk 1:14:41]} O-O {[%clk 1:13:46]} 15. Rd1
{[%clk 1:10:53]} Rfd8 {[%clk 1:11:21]} 16. h4 {[%clk 1:06:46]} Nbd5
{[%clk 1:03:13]} 17. h5 {[%clk 1:03:46]} Rac8 {[%clk 0:59:01]} 18. Bd2
{[%clk 0:53:07]} b6 {[%clk 0:53:02]} 19. Qe4 {[%clk 0:52:15]} Nb4
{[%clk 0:42:45]} 20. hxg6 {[%clk 0:46:57]} hxg6 {[%clk 0:43:06]} 21. Bg5
{[%clk 0:41:52]} Qe8 {[%clk 0:37:50]} 22. Qh4 {[%clk 0:31:40]} Rd7
{[%clk 0:31:56]} 23. g4 {[%clk 0:30:03]} c5 {[%clk 0:09:19]} 24. Kg2
{[%clk 0:29:53]} cxd4 {[%clk 0:06:08]} 25. Rh1 {[%clk 0:29:17]} Kf8
{[%clk 0:06:25]} 26. Bf6 {[%clk 0:27:01]} Ng8 {[%clk 0:06:02]} 27. Ng5
{[%clk 0:25:22]} Bxf6 {[%clk 0:05:37]} 28. Nh7+ {[%clk 0:25:37]} Ke7
{[%clk 0:04:15]} 29. Nxf6 {[%clk 0:25:57]} 1-0

[Event "WCO 2016"]
[Site "?"]
[Date "2016.09.11"]
[Round "9"]
[Board "10"]
[WhiteID "5702720"]
[White "Subramaniam Sumant"]
[BlackID "7103743"]
[Black "Ali Muhammad Lutfi"]
[Result "0-1"]
[BlackElo "2411"]
[WhiteElo "2137"]
[LiveChessVersion "1.4.8"]

1. Nf3 {[%clk 1:30:22]} g6 {[%clk 1:30:51]} 2. g3 {[%clk 1:30:25]} Bg7
{[%clk 1:30:49]} 3. d4 {[%clk 1:30:36]} b6 {[%clk 1:30:56]} 4. Bg2
{[%clk 1:30:42]} Bb7 {[%clk 1:31:18]} 5. d5 {[%clk 1:28:30]} Nf6 {[%clk 1:28:13]}
6. c4 {[%clk 1:28:36]} O-O {[%clk 1:17:26]} 7. Nc3 {[%clk 1:28:23]} Na6
{[%clk 1:13:47]} 8. O-O {[%clk 1:25:57]} Nc5 {[%clk 1:13:59]} 9. Qc2
{[%clk 1:23:04]} c6 {[%clk 1:13:26]} 10. Rd1 {[%clk 1:16:38]} cxd5
{[%clk 1:11:54]} 11. cxd5 {[%clk 1:16:59]} Rc8 {[%clk 1:12:12]} 12. Nd4
{[%clk 1:12:48]} Kh8 {[%clk 0:32:02]} 13. Nc6 {[%clk 1:09:18]} Bxc6
{[%clk 0:21:29]} 14. dxc6 {[%clk 1:09:32]} Qe8 {[%clk 0:20:57]} 15. b4
{[%clk 1:05:13]} Ne6 {[%clk 0:20:10]} 16. cxd7 {[%clk 0:57:54]} Nxd7
{[%clk 0:20:33]} 17. Bb2 {[%clk 0:58:15]} Nd4 {[%clk 0:16:15]} 18. Qa4
{[%clk 0:50:19]} Rxc3 {[%clk 0:15:17]} 19. Bxc3 {[%clk 0:50:43]} Nxe2+
{[%clk 0:15:40]} 20. Kf1 {[%clk 0:51:08]} Nxc3 {[%clk 0:15:45]} 21. Qxd7
{[%clk 0:51:32]} Nxd1 {[%clk 0:16:03]} 22. Rxd1 {[%clk 0:51:54]} Bf6
{[%clk 0:12:15]} 23. Qxe8 {[%clk 0:51:51]} Rxe8 {[%clk 0:12:42]} 24. Bc6
{[%clk 0:52:16]} Rc8 {[%clk 0:05:22]} 25. b5 {[%clk 0:51:16]} Kg7
{[%clk 0:04:22]} 26. a4 {[%clk 0:50:15]} e6 {[%clk 0:03:04]} 27. Rd7
{[%clk 0:49:18]} a5 {[%clk 0:03:05]} 28. Ke2 {[%clk 0:33:01]} Rh8
{[%clk 0:02:00]} 29. Ke3 {[%clk 0:31:37]} Bc3 {[%clk 0:01:42]} 30. Rc7
{[%clk 0:21:36]} Bb4 {[%clk 0:01:46]} 31. Bf3 {[%clk 0:17:23]} Rd8
{[%clk 0:01:46]} 32. Rc6 {[%clk 0:17:45]} Kf6 {[%clk 0:01:04]} 33. Be4
{[%clk 0:17:28]} Bc5+ {[%clk 0:01:09]} 34. Ke2 {[%clk 0:16:49]} Ke5
{[%clk 0:01:10]} 35. Bb1 {[%clk 0:16:11]} Rd7 {[%clk 0:01:33]} 36. f3
{[%clk 0:16:08]} Kd4 {[%clk 0:01:42]} 37. Bd3 {[%clk 0:15:11]} Kc3
{[%clk 0:01:57]} 38. Rxc5+ {[%clk 0:15:30]} bxc5 {[%clk 0:02:23]} 39. Be4
{[%clk 0:15:53]} Rd6 {[%clk 0:02:30]} 40. Ke3 {[%clk 0:45:46]} c4
{[%clk 0:32:48]} 0-1

[Event "WCO 2016"]
[Site "?"]
[Date "2016.09.11"]
[Round "9"]
[Board "11"]
[WhiteID "7105347"]
[White "Taher Yoseph Theolifus"]
[BlackID "5700086"]
[Black "Abdullah Mohd Kamal"]
[Result "1-0"]
[BlackElo "2100"]
[WhiteElo "2321"]
[LiveChessVersion "1.4.8"]

1. d4 {[%clk 1:30:57]} Nf6 {[%clk 1:30:39]} 2. Nc3 {[%clk 1:31:18]} c5
{[%clk 1:29:25]} 3. d5 {[%clk 1:31:18]} d6 {[%clk 1:23:58]} 4. e4
{[%clk 1:31:23]} g6 {[%clk 1:23:12]} 5. Bb5+ {[%clk 1:29:33]} Bd7
{[%clk 1:15:19]} 6. a4 {[%clk 1:29:55]} Bg7 {[%clk 1:14:49]} 7. Nf3
{[%clk 1:27:56]} O-O {[%clk 1:13:42]} 8. O-O {[%clk 1:27:59]} Bg4
{[%clk 1:12:45]} 9. Be2 {[%clk 1:26:07]} Bxf3 {[%clk 1:08:31]} 10. Bxf3
{[%clk 1:26:33]} Nbd7 {[%clk 1:08:15]} 11. Re1 {[%clk 1:23:49]} c4
{[%clk 1:00:55]} 12. Be2 {[%clk 1:15:30]} Rc8 {[%clk 1:00:12]} 13. a5
{[%clk 1:15:21]} Nc5 {[%clk 0:59:09]} 14. f3 {[%clk 1:12:35]} a6 {[%clk 0:53:26]}
15. Be3 {[%clk 1:11:29]} Qd7 {[%clk 0:44:00]} 16. Qd2 {[%clk 1:10:53]} Rfd8
{[%clk 0:39:01]} 17. Kh1 {[%clk 1:08:43]} Qe8 {[%clk 0:35:10]} 18. Bg1
{[%clk 1:07:42]} h5 {[%clk 0:32:53]} 19. Bf1 {[%clk 1:06:00]} Rc7
{[%clk 0:28:16]} 20. Bd4 {[%clk 1:05:22]} Kh7 {[%clk 0:24:42]} 21. e5
{[%clk 0:59:57]} dxe5 {[%clk 0:23:30]} 22. Bxe5 {[%clk 1:00:21]} Rcc8
{[%clk 0:23:11]} 23. f4 {[%clk 0:52:16]} Ne6 {[%clk 0:14:43]} 24. f5
{[%clk 0:49:13]} Bh6 {[%clk 0:12:47]} 25. Qe2 {[%clk 0:48:06]} Nf4
{[%clk 0:06:52]} 26. Qf3 {[%clk 0:37:27]} N4xd5 {[%clk 0:02:04]} 27. fxg6+
{[%clk 0:37:45]} fxg6 {[%clk 0:01:46]} 28. Bxf6 {[%clk 0:37:31]} Nxf6
{[%clk 0:02:06]} 29. Qxb7 {[%clk 0:37:51]} Rd7 {[%clk 0:01:03]} 30. Qxa6
{[%clk 0:37:58]} Qg8 {[%clk 0:00:32]} 31. Rad1 {[%clk 0:33:31]} Rcc7
{[%clk 0:00:54]} 32. Rxd7 {[%clk 0:33:22]} Rxd7 {[%clk 0:01:23]} 33. Qxc4
{[%clk 0:33:40]} Bd2 {[%clk 0:00:56]} 34. Qxg8+ {[%clk 0:32:02]} Kxg8
{[%clk 0:01:21]} 35. Rd1 {[%clk 0:31:11]} Ng4 {[%clk 0:00:36]} 36. Ne4
{[%clk 0:31:26]} Rd4 {[%clk 0:01:00]} 37. Rxd2 {[%clk 0:31:10]} Rxe4
{[%clk 0:01:24]} 38. h3 {[%clk 0:29:49]} Re1 {[%clk 0:00:57]} 39. hxg4
{[%clk 0:30:10]} Rxf1+ {[%clk 0:01:17]} 40. Kh2 {[%clk 1:00:38]} hxg4
{[%clk 0:30:43]} 41. Rd3 {[%clk 1:01:01]} 1-0

[Event "WCO 2016"]
[Site "?"]
[Date "2016.09.11"]
[Round "9"]
[Board "12"]
[WhiteID "5700019"]
[White "Liew Chee-Meng Jimmy"]
[BlackID "7100590"]
[Black "Sadikin The Irwanto"]
[Result "1/2-1/2"]
[BlackElo "2327"]
[WhiteElo "2202"]
[LiveChessVersion "1.4.8"]

1. d4 {[%clk 1:30:56]} d5 {[%clk 1:30:53]} 2. c4 {[%clk 1:31:08]} c6
{[%clk 1:31:08]} 3. Nc3 {[%clk 1:30:42]} Nf6 {[%clk 1:30:57]} 4. Nf3
{[%clk 1:30:52]} dxc4 {[%clk 1:31:03]} 5. Ne5 {[%clk 1:28:05]} e6
{[%clk 1:18:00]} 6. Nxc4 {[%clk 1:26:42]} c5 {[%clk 1:15:34]} 7. dxc5
{[%clk 1:14:02]} Qxd1+ {[%clk 1:14:28]} 8. Nxd1 {[%clk 1:13:20]} Bxc5
{[%clk 1:14:41]} 9. Be3 {[%clk 1:12:51]} Bb4+ {[%clk 1:14:07]} 10. Bd2
{[%clk 1:12:49]} Bxd2+ {[%clk 1:14:16]} 11. Nxd2 {[%clk 1:12:21]} Nc6
{[%clk 1:14:24]} 12. Nc3 {[%clk 1:11:53]} Ke7 {[%clk 1:12:56]} 13. g3
{[%clk 1:08:08]} Bd7 {[%clk 0:59:33]} 14. Bg2 {[%clk 1:07:46]} Nd4
{[%clk 0:53:05]} 15. O-O {[%clk 0:47:32]} Bc6 {[%clk 0:51:29]} 16. Bxc6
{[%clk 0:45:29]} Nxc6 {[%clk 0:51:49]} 17. Rac1 {[%clk 0:40:10]} Rhd8
{[%clk 0:49:36]} 18. Rfd1 {[%clk 0:38:43]} Rac8 {[%clk 0:46:00]} 19. f3
{[%clk 0:31:55]} Nd5 {[%clk 0:37:13]} 20. Nxd5+ {[%clk 0:28:04]} Rxd5
{[%clk 0:37:31]} 21. Nb3 {[%clk 0:26:42]} Rxd1+ {[%clk 0:19:53]} 22. Rxd1
{[%clk 0:27:05]} Ne5 {[%clk 0:19:38]} 23. Rd2 {[%clk 0:20:23]} f5
{[%clk 0:17:45]} 24. Kf2 {[%clk 0:14:59]} g5 {[%clk 0:17:20]} 25. h3
{[%clk 0:09:12]} h5 {[%clk 0:17:00]} 26. f4 {[%clk 0:08:26]} Nf7 {[%clk 0:16:53]}
27. Nd4 {[%clk 0:04:10]} gxf4 {[%clk 0:09:52]} 28. gxf4 {[%clk 0:04:35]} Nd6
{[%clk 0:10:13]} 29. Rd3 {[%clk 0:04:39]} Ne4+ {[%clk 0:10:30]} 30. Ke3
{[%clk 0:03:26]} Rg8 {[%clk 0:06:05]} 31. Ra3 {[%clk 0:02:10]} Rg3+
{[%clk 0:05:25]} 32. Nf3 {[%clk 0:02:37]} a6 {[%clk 0:05:47]} 33. Rb3
{[%clk 0:02:48]} Nd6 {[%clk 0:04:54]} 34. Kf2 {[%clk 0:02:16]} Rg8
{[%clk 0:04:59]} 35. Ke3 {[%clk 0:01:57]} Rc8 {[%clk 0:03:49]} 36. Rc3
{[%clk 0:01:45]} Rc4 {[%clk 0:03:40]} 37. Ne5 {[%clk 0:00:56]} Re4+
{[%clk 0:02:35]} 38. Kd3 {[%clk 0:01:24]} Nb5 {[%clk 0:02:47]} 39. Rc4
{[%clk 0:01:24]} Rxc4 {[%clk 0:02:26]} 40. Kxc4 {[%clk 0:31:50]} Nc7
{[%clk 0:31:49]} 41. Kd4 {[%clk 0:29:34]} Nd5 {[%clk 0:31:38]} 42. Nd3
{[%clk 0:28:51]} Kd6 {[%clk 0:31:41]} 43. e4 {[%clk 0:27:35]} fxe4
{[%clk 0:31:50]} 44. Kxe4 {[%clk 0:28:00]} Nf6+ {[%clk 0:32:02]} 45. Kd4
{[%clk 0:28:19]} Nd5 {[%clk 0:31:53]} 46. Ke4 {[%clk 0:28:34]} Nf6+
{[%clk 0:31:23]} 47. Kd4 {[%clk 0:28:59]} Nd5 1/2-1/2

[Event "WCO 2016"]
[Site "?"]
[Date "2016.09.11"]
[Round "9"]
[Board "13"]
[WhiteID "3203824"]
[White "Song Raymond"]
[BlackID "6500374"]
[Black "Minero Pineda Sergio"]
[Result "1/2-1/2"]
[BlackElo "2391"]
[WhiteElo "2170"]
[LiveChessVersion "1.4.8"]

1. d4 {[%clk 1:30:57]} Nf6 {[%clk 1:30:38]} 2. Bg5 {[%clk 1:31:18]} d5
{[%clk 1:30:44]} 3. Nd2 {[%clk 1:31:43]} c5 {[%clk 1:30:03]} 4. e3
{[%clk 1:30:35]} Nbd7 {[%clk 1:23:05]} 5. Ngf3 {[%clk 1:30:27]} g6
{[%clk 1:22:57]} 6. c3 {[%clk 1:27:21]} Bg7 {[%clk 1:22:52]} 7. Bd3
{[%clk 1:27:14]} O-O {[%clk 1:23:02]} 8. O-O {[%clk 1:26:26]} b6 {[%clk 1:17:37]}
9. b4 {[%clk 1:23:04]} Bb7 {[%clk 1:13:54]} 10. bxc5 {[%clk 1:22:02]} bxc5
{[%clk 1:11:47]} 11. Qa4 {[%clk 1:20:47]} Ne4 {[%clk 0:55:57]} 12. Bh4
{[%clk 1:13:06]} Qc7 {[%clk 0:48:44]} 13. Bxe4 {[%clk 1:09:23]} dxe4
{[%clk 0:45:51]} 14. Ng5 {[%clk 1:09:26]} Nb6 {[%clk 0:36:48]} 15. Qa5
{[%clk 1:05:31]} cxd4 {[%clk 0:33:16]} 16. cxd4 {[%clk 1:05:59]} Qd7
{[%clk 0:25:12]} 17. Ngxe4 {[%clk 0:57:01]} Bxe4 {[%clk 0:25:32]} 18. Nxe4
{[%clk 0:57:28]} Qg4 {[%clk 0:25:49]} 19. Bxe7 {[%clk 0:57:52]} Qxe4
{[%clk 0:26:14]} 20. Bxf8 {[%clk 0:58:18]} Bxf8 {[%clk 0:26:39]} 21. Rab1
{[%clk 0:53:59]} Nc4 {[%clk 0:22:02]} 22. Qc3 {[%clk 0:54:00]} Nd6
{[%clk 0:22:28]} 23. Qc7 {[%clk 0:53:26]} Rc8 {[%clk 0:20:09]} 24. Qxa7
{[%clk 0:53:27]} Ra8 {[%clk 0:20:33]} 25. Qd7 {[%clk 0:53:23]} h5
{[%clk 0:12:48]} 26. a4 {[%clk 0:50:54]} h4 {[%clk 0:13:04]} 27. h3
{[%clk 0:51:19]} Ra5 {[%clk 0:10:45]} 28. Rb8 {[%clk 0:46:18]} Rg5
{[%clk 0:10:45]} 29. Rxf8+ {[%clk 0:46:05]} Kg7 {[%clk 0:10:50]} 30. f3
{[%clk 0:44:01]} Qxe3+ {[%clk 0:11:06]} 31. Kh1 {[%clk 0:44:25]} Kxf8
{[%clk 0:10:56]} 32. Qxd6+ {[%clk 0:44:36]} Kg7 {[%clk 0:11:15]} 33. f4
{[%clk 0:42:27]} Rf5 {[%clk 0:10:43]} 34. Rf3 {[%clk 0:41:35]} Qc1+
{[%clk 0:09:49]} 35. Kh2 {[%clk 0:42:03]} Qc4 {[%clk 0:10:11]} 36. Ra3
{[%clk 0:40:37]} Qc1 {[%clk 0:09:23]} 37. a5 {[%clk 0:28:53]} Rxf4
{[%clk 0:08:05]} 38. Ra1 {[%clk 0:28:24]} Qxa1 {[%clk 0:05:03]} 39. Qxf4
{[%clk 0:28:50]} Qxa5 {[%clk 0:05:26]} 40. Qxh4 {[%clk 0:59:15]} Qd5
{[%clk 0:35:15]} 41. Qf4 {[%clk 0:59:30]} g5 {[%clk 0:28:39]} 42. Qe3
{[%clk 0:50:10]} Kg6 {[%clk 0:27:04]} 43. Kg3 {[%clk 0:49:59]} f5
{[%clk 0:24:44]} 44. Qe8+ {[%clk 0:50:27]} Kf6 {[%clk 0:25:05]} 45. Qf8+
{[%clk 0:50:52]} Kg6 {[%clk 0:24:41]} 46. Qe8+ {[%clk 0:48:15]} Kf6
{[%clk 0:24:32]} 47. Qh8+ {[%clk 0:48:41]} Kg6 {[%clk 0:24:40]} 48. Qe5
{[%clk 0:44:46]} f4+ {[%clk 0:24:48]} 1/2-1/2